Les séries de Glitch Productions - Statistiques

Statistiques générales
  • Ce quiz a été pris 5 fois
  • Le résultat moyen est 3 sur 11
Statistiques - réponses
Synopsis/Note Date de sortie Date de fin Série % Correct
Série d'animation, comédie noir et d'horreur 13 octobre 2023 En cours The Amazing Digital Circus
75%
Série d'animation d'horreur 29 octobre 2021 23 août 2024 Murder Drones
50%
Produit en tant que projet indépendant 8 mai 2011 27 décembre 2025 SMG4
50%
Comédie dramatique d'action Mai 2026 En cours Gameoverse
25%
Série live action 21 septembre 2018 20 décembre 2019 Hitbox
25%
Chaîne YouTube consacrée à Let's Play et aux réactions 3 décembre 2016 31 décembre 2020 Hobo Bros.
25%
Spin-off de la réponse 1 26 mars 2021 30 juillet 2021 Sunset Paradise
25%
Chaîne YouTube présentant des courts métrages et d'autres contenus liés à la réponse précédente 14 juillet 2013 31 décembre 2017 TheAwesomeMario
25%
Thriller psychologique de science-fiction 19 septembre 2025 En cours Les Chevaliers de Guenièvre
0%
La première saison a été mise en ligne sur la chaîne « SMG4 », avec les deux saisons suivantes mises en ligne sur la chaîne « GLITCH » 25 juillet 2019 9 septembre 2022 Métarunner
0%
Drame policier d'action postapocalyptique 18 avril 2025 En cours The Gaslight District
0%
Aucun quiz correspondant
Distribution des résultats
% des personnes avec chaque résultat
Percentile par nombre de réponses
Votre historique - résultats
Vous n’avez pas pris ce quiz